Lyrics to 'On My Soul' by Bruno Mars - Statistics

General Stats
  • This quiz has been taken 29 times
  • The average score is 195 of 239
Answer Stats
Answer % Correct
a
100%
be
100%
I
100%
I'll
100%
it
100%
like
100%
love
100%
my
100%
On
100%
on
100%
so
100%
So
100%
soul
100%
you
100%
anything
83%
Baby
83%
baby
83%
been
83%
before
83%
Every
83%
every
83%
everything
83%
hear
83%
I'd
83%
if
83%
I'm
83%
loved
83%
me
83%
never
83%
Put
83%
put
83%
the
83%
your
83%
you've
83%
all
67%
And
67%
but
67%
day
67%
dream
67%
forever
67%
here
67%
hour
67%
I'ma
67%
I've
67%
let
67%
live
67%
need
67%
night
67%
no
67%
scream
67%
team
67%
to
67%
To
67%
tryna
67%
want
67%
we
67%
yours
67%
are
50%
around
50%
Break
50%
die
50%
don't
50%
find
50%
Girl
50%
give
50%
hard
50%
heart?
50%
Love's
50%
name
50%
now
50%
out
50%
own
50%
rather
50%
really
50%
rocket
50%
Say
50%
ship
50%
shooting
50%
should
50%
star
50%
together
50%
traveled
50%
Turns
50%
wanna
50%
world
50%
would
50%
ya
50%
No matching quizzes found
Score Distribution
Percent of People with Each Score
Percentile by Number Answered
Your Score History
You have not taken this quiz